000 00303nam a22001337a 4500
008 181226b xxu||||| |||| 00| 0 eng d
020 _a9780073195803
041 _aeng
080 _a572
100 _a25
101 _aANT
245 _aThinking Like An Antropologist
_cJohn.T.O
942 _2udc
_cBK
999 _c53793
_d53793